<?xml version="1.0" encoding="UTF-8"?>
<record
    xmlns:xsi="http://www.w3.org/2001/XMLSchema-instance"
    xsi:schemaLocation="http://www.loc.gov/MARC21/slim http://www.loc.gov/standards/marcxml/schema/MARC21slim.xsd"
    xmlns="http://www.loc.gov/MARC21/slim">

  <leader>00619nam a2200193Ia 4500</leader>
  <controlfield tag="001">65431</controlfield>
  <controlfield tag="003">OSt</controlfield>
  <controlfield tag="005">20150702103721.0</controlfield>
  <controlfield tag="008">150403s9999    xx            000 0 und d</controlfield>
  <datafield tag="040" ind1=" " ind2=" ">
    <subfield code="c">PK-LaUMT</subfield>
  </datafield>
  <datafield tag="082" ind1=" " ind2=" ">
    <subfield code="a"> 891.4393</subfield>
    <subfield code="b">SUL-S</subfield>
  </datafield>
  <datafield tag="100" ind1=" " ind2=" ">
    <subfield code="a">Sultan Rafi(&#x633;&#x644;&#x637;&#x627;&#x646; &#x631;&#x641;&#x6CC;&#x639;)</subfield>
  </datafield>
  <datafield tag="245" ind1=" " ind2=" ">
    <subfield code="a">Samundar pur sakoon he (Urdu)(&#x633;&#x645;&#x646;&#x62F;&#x631; &#x67E;&#x631; &#x633;&#x6A9;&#x648;&#x646; &#x6C1;&#x6D2;)</subfield>
    <subfield code="c">Sultan Rafi(&#x633;&#x644;&#x637;&#x627;&#x646; &#x631;&#x641;&#x6CC;&#x639;)</subfield>
  </datafield>
  <datafield tag="260" ind1=" " ind2=" ">
    <subfield code="a">Karachi,Pakistan:(&#x6A9;&#x631;&#x627;&#x686;&#x6CC;&#x60C; &#x67E;&#x627;&#x6A9;&#x633;&#x62A;&#x627;&#x646; )</subfield>
    <subfield code="b">Maktabah Danyaal,(&#x645;&#x6A9;&#x62A;&#x628;&#x6C1; &#x62F;&#x627;&#x646;&#x6CC;&#x627;&#x644;)</subfield>
    <subfield code="c">1998</subfield>
  </datafield>
  <datafield tag="300" ind1=" " ind2=" ">
    <subfield code="a">360 p.</subfield>
  </datafield>
  <datafield tag="546" ind1=" " ind2=" ">
    <subfield code="a">UR</subfield>
  </datafield>
  <datafield tag="650" ind1=" " ind2=" ">
    <subfield code="a">Pakistani literature-Urdu fiction</subfield>
  </datafield>
  <datafield tag="942" ind1=" " ind2=" ">
    <subfield code="c">BK</subfield>
    <subfield code="2">ddc</subfield>
  </datafield>
  <datafield tag="999" ind1=" " ind2=" ">
    <subfield code="c">68747</subfield>
    <subfield code="d">68747</subfield>
  </datafield>
  <datafield tag="952" ind1=" " ind2=" ">
    <subfield code="0">0</subfield>
    <subfield code="1">0</subfield>
    <subfield code="4">0</subfield>
    <subfield code="7">0</subfield>
    <subfield code="a">01</subfield>
    <subfield code="b">01</subfield>
    <subfield code="d">2015-04-03</subfield>
    <subfield code="l">6</subfield>
    <subfield code="o"> 891.4393 SUL-S</subfield>
    <subfield code="p">89159</subfield>
    <subfield code="r">2020-01-04 00:00:00</subfield>
    <subfield code="s">2019-12-21</subfield>
    <subfield code="w">2015-04-03</subfield>
    <subfield code="y">BK</subfield>
  </datafield>
</record>
